Every Municipality in Wisconsin that has a Culvers (Map) (2023) - Statistics

General Stats
  • This quiz has been taken 35 times
  • The average score is 56 of 113
Answers on the Map
Answers color-coded by a green-red scale on the quiz's map according to % correct below.
 
Answer Stats
City, Unincorporated community,
Town, City, and Village
% Correct
LaCrosse
93%
Milwaukee
93%
Appleton
90%
Madison
90%
Eau Claire
87%
Oshkosh
87%
Sheboygan
87%
Kenosha
83%
Wausau
83%
Beloit
80%
Racine
80%
Fond du Lac
77%
Janesville
77%
StevensPoint
77%
Sturgeon Bay
77%
Superior
77%
West Allis
77%
Manitowoc
73%
Neenah
73%
Waukesha
73%
WisconsinDells
73%
Platteville
70%
Ashland
67%
Marinette
67%
Menomonee Falls
67%
Oconomowoc
67%
Onalaska
63%
Rhinelander
63%
Richland Center
63%
Sauk City
63%
Hudson
60%
Tomah
60%
West Bend
60%
Chippewa Falls
57%
Lake Geneva
57%
LakeGeneva
57%
Middleton
57%
Portage
57%
Verona
57%
Antigo
53%
Monroe
53%
PortWashington
53%
Shawano
53%
Suamico
53%
Waupaca
53%
Beaver Dam
50%
Dodgeville
50%
Plover
50%
River Falls
50%
Whitewater
50%
Brookfield
47%
Brown Deer
47%
Mequon
47%
Pleasant Prairie
47%
PleasantPrairie
47%
Reedsburg
47%
Ripon
47%
Sparta
47%
Wisconsin Rapids
47%
Elkhorn
43%
Hartland
43%
Lake Delton
43%
Marshfield
43%
Muskego
43%
Waupun
43%
Burlington
40%
Greenfield
40%
Jackson
40%
Minocqua
40%
New Richmond
40%
NewRichmond
40%
Stoughton
40%
Black River Falls
37%
Delavan
37%
Grafton
37%
Johnson Creek
37%
Merrill
37%
New Glarus
37%
RibMountain
37%
Viroqua
37%
Fort Atkinson
33%
Lake Mills
33%
Plymouth
33%
Wautoma
33%
West Milwaukee
33%
Edgerton
30%
Hales Corners
30%
Rice Lake
30%
Shorewood
30%
Sturtevant
30%
Baldwin
27%
Cross Plains
27%
Mukwonago
27%
Rothschild
27%
Spring Green
27%
Cottage Grove
23%
Glendale
23%
McFarland
23%
Wales
23%
Medford
20%
Arbor Vitae
13%
Prairie du Chen
10%
Mosel
3%
Bariboo
0%
Heartland
0%
No matching quizzes found
Score Distribution
Percent of People with Each Score
Percentile by Number Answered
Your Score History
You have not taken this quiz